000 00549nam a2200193 a 4500
005 20210219152912.0
008 991125n 000 0 eng u
035 _aUPN01000066419
100 _aHon, David
222 _aEDUCATIONAL TECHNOLOGY
245 _aButcher, baker, candlestick maker : skills required for effective multimedia development
300 _a14-19
362 _a1992 32, no. 5
653 0 _aDESARROLLO DEL MATERIAL
653 0 _aHABILIDAD
653 0 _aINSTRUCCION MULTIMEDIA
904 _aAC
_b004230
905 _aArticulo
999 _c63483
_d63483